[Event "Campobasso op-A 17th"]
[Site "Campobasso"]
[Date "2010.07.23"]
[Round "3"]
[White "Procacci, Sergio"]
[Black "Giacchetti, Lorenzo"]
[Result "1-0"]
[WhiteElo "2043"]
[BlackElo "1843"]
[PlyCount "77"]
[EventDate "2010.07.22"]
[EventType "swiss"]
[EventRounds "6"]
[EventCountry "ITA"]
[SourceTitle "EXT 2013"]
[Source "ChessBase"]
[SourceDate "2012.11.22"]
[SourceVersion "1"]
[SourceVersionDate "2012.11.22"]
[SourceQuality "1"]

1. e4 c5 2. b4 cxb4 3. a3 d5 4. exd5 Qxd5 5. Nf3 e5 6. axb4 Bxb4 7. c3 Bc5 8. d4 exd4 9. cxd4 Bb4+ 10. Bd2 Bxd2+ 11. Nbxd2 Qe6+ 12. Be2 Nf6 13. 0-0 0-0 14. Nc4 Nbd7 15. Ng5 Qf5 16. Ra5 Nd5 17. h4 N7f6 18. Nd6 Qf4 19. Nxc8 Rfxc8 20. g3 Qd6 21. Bh5 g6 22. Bf3 b6 23. Ra1 a5 24. Nh3 Ra7 25. Qd2 Kg7 26. h5 h6 27. Rfe1 Rac7 28. hxg6 fxg6 29. Rac1 Qa3 30. Rxc7+ Rxc7 31. Bxd5 Nxd5 32. Nf4 Qf3 33. Ne6+ Kf7 34. Nxc7 Nxc7 35. Qxh6 Nd5 36. Qh7+ Kf6 37. Qg8 Qb3 38. Re6+ Kg5 39. Qxg6# 1-0